[Event "Trieste op 21st"]
[Site "Trieste"]
[Date "2019.09.01"]
[Round "2"]
[White "Massironi, Marco"]
[Black "Duboue, Peio"]
[Result "1/2-1/2"]
[WhiteElo "2238"]
[BlackElo "2413"]
[PlyCount "89"]
[EventDate "2019.08.31"]
[EventType "swiss"]
[EventRounds "9"]
[EventCountry "ITA"]
[SourceTitle "EXT 2020"]
[Source "ChessBase"]
[SourceDate "2019.10.17"]
[SourceVersion "1"]
[SourceVersionDate "2019.10.17"]
[SourceQuality "1"]

1. e4 e5 2. Nf3 Nc6 3. Nc3 Nf6 4. Bb5 Bb4 5. d3 d6 6. 0-0 0-0 7. Bg5 Bxc3 8. bxc3 Qe7 9. Re1 Nd8 10. d4 Ne6 11. Bc1 c6 12. Bf1 Qc7 13. a4 Rd8 14. g3 c5 15. Rb1 d5 16. exd5 Nxd5 17. Bb2 exd4 18. cxd4 cxd4 19. Nxd4 Nc3 20. Bxc3 Qxc3 21. Rb3 Qa5 22. Rd3 Nxd4 23. Rxd4 Be6 24. Ree4 h6 25. Rxd8+ Rxd8 26. Rd4 Rxd4 27. Qxd4 Qe1 28. Kg2 Bh3+ 29. Kxh3 Qxf1+ 30. Kg4 b6 31. c3 g6 32. h4 Qe1 33. Kf3 Qe6 34. Kg2 h5 35. Qd8+ Kh7 36. Qd4 a6 37. Kg1 Qc6 38. Qb4 Kg7 39. Qd4+ Kf8 40. Qd8+ Kg7 41. Qd4+ Qf6 42. Qc4 Qe5 43. Qxa6 Qxc3 44. Qxb6 Qa1+ 45. Kg2 1/2-1/2

[Event "Arco op 40th"]
[Site "Arco"]
[Date "2018.10.18"]
[Round "6"]
[White "Casagrande, Fabio"]
[Black "Massironi, Marco"]
[Result "0-1"]
[WhiteElo "1947"]
[BlackElo "2226"]
[PlyCount "52"]
[EventDate "2018.10.13"]
[EventType "swiss"]
[EventRounds "9"]
[EventCountry "ITA"]
[SourceTitle "CBM 186 Extra"]
[Source "ChessBase"]
[SourceDate "2018.08.24"]
[SourceVersion "1"]
[SourceVersionDate "2018.08.24"]
[SourceQuality "1"]

1. e4 c5 2. Nc3 a6 3. a4 Nc6 4. f4 e6 5. Nf3 d5 6. d3 Nf6 7. e5 Nd7 8. Ne2 f6 9. d4 Qb6 10. c3 cxd4 11. cxd4 Bb4+ 12. Nc3 fxe5 13. fxe5 0-0 14. Bd3 g6 15. Bh6 Rxf3 16. Qxf3 Qxd4 17. Rf1 Ncxe5 18. Qh3 Nxd3+ 19. Ke2 N7e5 20. Rad1 Qg4+ 21. Qxg4 Nxg4 22. Rxd3 Nxh6 23. Na2 Bd6 24. h3 Bd7 25. b3 Nf5 26. g4 Ng3+ 0-1

[Event "Biella op-A 9th"]
[Site "Biella"]
[Date "2018.09.29"]
[Round "2.5"]
[White "Massironi, Marco"]
[Black "Drago, Paolo"]
[Result "1-0"]
[WhiteElo "2211"]
[BlackElo "2089"]
[PlyCount "35"]
[EventDate "2018.09.28"]
[EventType "swiss"]
[EventRounds "5"]
[EventCountry "ITA"]
[SourceTitle "EXT 2024"]
[Source "ChessBase"]
[SourceDate "2023.10.10"]
[SourceVersion "1"]
[SourceVersionDate "2023.10.10"]
[SourceQuality "1"]

1. e4 e6 2. d4 d5 3. Nc3 Nf6 4. e5 Nfd7 5. f4 c5 6. Nf3 Nc6 7. Be3 Be7 8. Bd3 0-0 9. dxc5 f6 10. h4 Bxc5 11. Bxh7+ Kxh7 12. Ng5+ fxg5 13. hxg5+ Kg8 14. Qh5 Ncxe5 15. Bxc5 Ng6 16. Qxg6 Nxc5 17. Rh7 Qc7 18. Qh5 1-0

[Event "Padova op-A 18th"]
[Site "Padova"]
[Date "2015.12.19"]
[Round "8.14"]
[White "Manca, Federico"]
[Black "Massironi, Marco"]
[Result "1-0"]
[WhiteElo "2409"]
[BlackElo "2242"]
[PlyCount "53"]
[EventDate "2015.12.13"]
[EventType "swiss"]
[EventRounds "9"]
[EventCountry "ITA"]
[SourceTitle "EXT 2024"]
[Source "ChessBase"]
[SourceDate "2023.10.10"]
[SourceVersion "1"]
[SourceVersionDate "2023.10.10"]
[SourceQuality "1"]

1. e4 c5 2. d4 cxd4 3. c3 Qa5 4. Bd2 d3 5. Bxd3 d6 6. c4 Qb6 7. Nc3 Nf6 8. Nd5 Nxd5 9. cxd5 Na6 10. Bc3 Nc5 11. Bc2 a5 12. Ne2 Bd7 13. 0-0 Bb5 14. Re1 Qa6 15. Nd4 Bd3 16. Re3 Bxc2 17. Qxc2 Rc8 18. a4 g6 19. Nb5 f6 20. Bd4 b6 21. Bxc5 bxc5 22. f4 Qb6 23. Qc4 Bh6 24. Rf1 0-0 25. Rh3 Kg7 26. Kh1 g5 27. Qe2 1-0

[Event "Padova op-A 18th"]
[Site "Padova"]
[Date "2015.12.14"]
[Round "2.22"]
[White "Massironi, Marco"]
[Black "Loiacono, Antonio"]
[Result "1-0"]
[WhiteElo "2242"]
[BlackElo "2010"]
[PlyCount "45"]
[EventDate "2015.12.13"]
[EventType "swiss"]
[EventRounds "9"]
[EventCountry "ITA"]
[SourceTitle "EXT 2024"]
[Source "ChessBase"]
[SourceDate "2023.10.10"]
[SourceVersion "1"]
[SourceVersionDate "2023.10.10"]
[SourceQuality "1"]

1. e4 c5 2. Nf3 Nc6 3. d4 cxd4 4. Nxd4 Nf6 5. Nc3 Qb6 6. Be3 Qxb2 7. Ndb5 Qb4 8. Bd2 Kd8 9. Rb1 Qc5 10. Be2 e6 11. Be3 Qe7 12. 0-0 b6 13. e5 Ne8 14. Bf3 d5 15. Nxd5 exd5 16. Bxd5 Bb7 17. Bg5 f6 18. Bxc6+ Kc8 19. Qg4+ Kb8 20. exf6 Qc5 21. Bf4+ Bd6 22. Nxd6 Nxd6 23. Qd7 1-0

[Event "Biella op 6th"]
[Site "Biella"]
[Date "2015.09.26"]
[Round "2"]
[White "Massironi, Marco"]
[Black "Naumkin, Igor"]
[Result "0-1"]
[WhiteElo "2234"]
[BlackElo "2433"]
[PlyCount "64"]
[EventDate "2015.09.25"]
[EventType "swiss"]
[EventRounds "5"]
[EventCountry "ITA"]
[SourceTitle "EXT 2016"]
[Source "ChessBase"]
[SourceDate "2015.10.08"]
[SourceVersion "1"]
[SourceVersionDate "2015.10.08"]
[SourceQuality "1"]

1. e4 e5 2. d4 exd4 3. Qxd4 Nc6 4. Qe3 Nf6 5. Nc3 Bb4 6. Bd2 0-0 7. 0-0-0 Re8 8. Qg3 d6 9. f3 Ne5 10. h4 Nh5 11. Qh2 c6 12. g4 Nf6 13. h5 Nfd7 14. g5 Nb6 15. g6 Qf6 16. f4 Nec4 17. Be1 Rxe4 18. Bd3 Rxe1 19. Rxe1 Be6 20. h6 Nxb2 21. Rxe6 Nxd3+ 22. Kd1 fxe6 23. gxh7+ Kh8 24. Ne4 Qa1+ 25. Ke2 Ne1 26. Nf3 g6 27. Nxe1 Qxa2 28. Qh4 Nd5 29. Kf3 Rf8 30. Ng5 Nxf4 31. Rf1 Qd5+ 32. Kg4 Qf5+ 0-1

[Event "Padova op-A 17th"]
[Site "Padova"]
[Date "2014.12.19"]
[Round "7.20"]
[White "Santolini, Luigi"]
[Black "Massironi, Marco"]
[Result "0-1"]
[WhiteElo "2117"]
[BlackElo "2236"]
[PlyCount "96"]
[EventDate "2014.12.14"]
[EventType "swiss"]
[EventRounds "9"]
[EventCountry "ITA"]
[SourceTitle "EXT 2024"]
[Source "ChessBase"]
[SourceDate "2023.10.10"]
[SourceVersion "1"]
[SourceVersionDate "2023.10.10"]
[SourceQuality "1"]

1. d4 Nf6 2. c4 g6 3. Nc3 d5 4. cxd5 Nxd5 5. e4 Nxc3 6. bxc3 Bg7 7. Be3 c5 8. Qd2 Qa5 9. Nf3 0-0 10. Rc1 Rd8 11. d5 Nc6 12. Be2 e6 13. c4 Nb4 14. a3 Qxa3 15. Bxc5 Nc2+ 16. Rxc2 Qxc5 17. 0-0 Bd7 18. Rb1 b6 19. Ne1 Qd4 20. Qxd4 Bxd4 21. Nd3 exd5 22. exd5 Rac8 23. g4 a5 24. Kg2 Rc7 25. Ne1 Re8 26. Kg3 Kg7 27. h3 h5 28. Ng2 Bc5 29. Bd3 hxg4 30. hxg4 Rcc8 31. Kf3 Rh8 32. Nf4 Rh4 33. Rg1 Rch8 34. Be2 Rh2 35. Bd3 Rh1 36. Rxh1 Rxh1 37. Be2 Rg1 38. Nd3 Bxg4+ 39. Ke4 Bf5+ 40. Kf3 Rb1 41. Kg2 Rb3 42. Rd2 Bd6 43. f3 a4 44. Nc1 Rb1 45. Na2 a3 46. c5 bxc5 47. Kf2 Rb2 48. Ke1 Bg3+ 0-1

[Event "Padova op-A 17th"]
[Site "Padova"]
[Date "2014.12.16"]
[Round "3"]
[White "Bruno, Fabio"]
[Black "Massironi, Marco"]
[Result "1/2-1/2"]
[WhiteElo "2437"]
[BlackElo "2236"]
[PlyCount "61"]
[EventDate "2014.12.14"]
[EventType "swiss"]
[EventRounds "9"]
[EventCountry "ITA"]
[SourceTitle "EXT 2016"]
[Source "ChessBase"]
[SourceDate "2015.10.08"]
[SourceVersion "1"]
[SourceVersionDate "2015.10.08"]
[SourceQuality "1"]

1. d4 Nf6 2. Nf3 g6 3. c3 Bg7 4. Bg5 Ne4 5. Bh4 c5 6. e3 Qb6 7. Nbd2 d5 8. Nxe4 dxe4 9. Nd2 cxd4 10. Nc4 Qc7 11. Bg3 Qd8 12. cxd4 0-0 13. Be2 Nc6 14. 0-0 Be6 15. Qb1 Bd5 16. b4 Rc8 17. Rc1 f5 18. b5 Nxd4 19. exd4 f4 20. Ne5 fxg3 21. hxg3 Rxc1+ 22. Qxc1 Qb6 23. Qf1 e3 24. f4 Rc8 25. Rc1 Rxc1 26. Qxc1 Bxe5 27. dxe5 Bxa2 28. Qc8+ Kg7 29. Qd7 Qc5 30. Kh2 Bd5 31. f5 1/2-1/2

[Event "Padova op-A 17th"]
[Site "Padova"]
[Date "2014.12.16"]
[Round "4"]
[White "Massironi, Marco"]
[Black "Borgo, Giulio"]
[Result "1/2-1/2"]
[WhiteElo "2236"]
[BlackElo "2357"]
[PlyCount "62"]
[EventDate "2014.12.14"]
[EventType "swiss"]
[EventRounds "9"]
[EventCountry "ITA"]
[SourceTitle "EXT 2016"]
[Source "ChessBase"]
[SourceDate "2015.10.08"]
[SourceVersion "1"]
[SourceVersionDate "2015.10.08"]
[SourceQuality "1"]

1. e4 e6 2. d4 d5 3. Nc3 Nf6 4. e5 Nfd7 5. f4 c5 6. Nf3 Nc6 7. Be3 Qb6 8. Na4 Qc7 9. Nxc5 Nxd4 10. Nxd4 Nxc5 11. Bd3 a6 12. 0-0 g6 13. Qe2 Be7 14. Rfc1 b5 15. Nb3 Na4 16. c4 bxc4 17. Bxc4 Qb8 18. Bd3 0-0 19. Rc2 a5 20. Rac1 Nb6 21. Nd4 Bd7 22. Nc6 Bxc6 23. Rxc6 d4 24. Bxd4 Nd5 25. Qe4 Nb4 26. Rb6 Qd8 27. Rb7 Rb8 28. Rxb8 Qxb8 29. a3 Nxd3 30. Qxd3 Rd8 31. Qc3 Qb7 1/2-1/2

[Event "Padova op-A 16th"]
[Site "Padova"]
[Date "2013.12.17"]
[Round "4.23"]
[White "Massironi, Marco"]
[Black "Movileanu, Daniela"]
[Result "1/2-1/2"]
[WhiteElo "2221"]
[BlackElo "2051"]
[PlyCount "75"]
[EventDate "2013.12.15"]
[EventType "swiss"]
[EventRounds "9"]
[EventCountry "ITA"]
[SourceTitle "EXT 2024"]
[Source "ChessBase"]
[SourceDate "2023.10.10"]
[SourceVersion "1"]
[SourceVersionDate "2023.10.10"]
[SourceQuality "1"]

1. e4 c5 2. Nf3 g6 3. d4 cxd4 4. Nxd4 Nc6 5. c4 Bg7 6. Be3 Nf6 7. Nc3 0-0 8. Be2 d6 9. 0-0 Bd7 10. Qd2 Rc8 11. b3 Re8 12. f3 Qa5 13. Rfd1 Nxd4 14. Bxd4 Bc6 15. Qb2 Nh5 16. Bxg7 Nxg7 17. b4 Qe5 18. g3 Ne6 19. f4 Qf6 20. Qd2 b6 21. Nd5 Qg7 22. Rac1 Ba4 23. Rf1 Bc6 24. f5 Qd4+ 25. Qxd4 Nxd4 26. Bd3 gxf5 27. exf5 b5 28. Rce1 Bxd5 29. cxd5 Rc3 30. Rd1 Nc2 31. Bxb5 Rb8 32. a4 Ne3 33. Rc1 Nxd5 34. Rcd1 Nc7 35. f6 Nxb5 36. fxe7 Re3 37. axb5 Rxe7 38. Rxd6 1/2-1/2

[Event "Padova op 15th"]
[Site "Padova"]
[Date "2012.12.21"]
[Round "7"]
[White "Sanchez, Joseph"]
[Black "Massironi, Marco"]
[Result "1-0"]
[WhiteElo "2533"]
[BlackElo "2214"]
[PlyCount "99"]
[EventDate "2012.12.16"]
[EventType "swiss"]
[EventRounds "9"]
[EventCountry "ITA"]
[SourceTitle "EXT 2014"]
[Source "ChessBase"]
[SourceDate "2013.11.20"]
[SourceVersion "1"]
[SourceVersionDate "2013.11.20"]
[SourceQuality "1"]

1. e4 c5 2. Nf3 d6 3. d4 cxd4 4. Nxd4 Nf6 5. Nc3 a6 6. Be3 e5 7. Nb3 Be6 8. Qd2 Nbd7 9. f3 b5 10. 0-0-0 Rc8 11. g4 Nb6 12. Kb1 Be7 13. g5 Nh5 14. Rg1 0-0 15. h4 Qc7 16. Qf2 Nc4 17. Bc1 Na3+ 18. Ka1 Nxc2+ 19. Qxc2 b4 20. Bd2 bxc3 21. Qxc3 Qb6 22. Qe3 Qc6 23. Na5 Qd7 24. b3 d5 25. exd5 Bc5 26. dxe6 Qxe6 27. Bc4 Bxe3 28. Bxe6 Bxg1 29. Bxc8 Bd4+ 30. Kb1 Rxc8 31. Nc4 g6 32. Re1 Bf2 33. Rxe5 Bxh4 34. Ra5 Rc6 35. Rd5 Rc8 36. Rd7 f6 37. f4 Rf8 38. Ra7 fxg5 39. fxg5 Nf4 40. Bb4 Rd8 41. Be7 Rd5 42. Ne3 Re5 43. Ng4 Re1+ 44. Kb2 Re2+ 45. Ka3 Kf7 46. Bf6+ Ke8 47. Ne5 Rxe5 48. Bxe5 Bxg5 49. Bxf4 Bxf4 50. Rxh7 1-0